| Tag |
First Indicator |
Second Indicator |
Subfields |
| LEADER |
00000cam a22000004a 4500 |
| 001 |
in00002052286 |
| 005 |
20151101064810.0 |
| 008 |
041119s2005 enka b 001 0 eng |
| 010 |
|
|
|a 2004026216
|
| 020 |
|
|
|a 0470021632 (cloth)
|
| 020 |
|
|
|a 9780470021637 (cloth)
|
| 035 |
|
|
|a (OCoLC)ocm57069404
|
| 040 |
|
|
|a DLC
|c DLC
|d C#P
|d TXA
|d UtOrBLW
|
| 042 |
|
|
|a pcc
|
| 049 |
|
|
|a TXAM
|
| 050 |
0 |
0 |
|a TK5101
|b .P3853 2005
|
| 082 |
0 |
0 |
|a 621.382/1
|2 22
|
| 100 |
1 |
|
|a Perros, Harry G.
|
| 245 |
1 |
0 |
|a Connection-oriented networks :
|b SONET/SDH, ATM, MPLS and optical networks /
|c Harry G. Perros.
|
| 264 |
|
1 |
|a Chichester ;
|a Hoboken, NJ :
|b John Wiley & Sons,
|c [2005]
|
| 264 |
|
4 |
|c ©2005
|
| 300 |
|
|
|a xxiv, 332 pages :
|b illustrations ;
|c 26 cm.
|
| 336 |
|
|
|a text
|b txt
|2 rdacontent
|
| 337 |
|
|
|a unmediated
|b n
|2 rdamedia
|
| 338 |
|
|
|a volume
|b nc
|2 rdacarrier
|
| 504 |
|
|
|a Includes bibliographical references (pages [317]-321) and index.
|
| 650 |
|
0 |
|a Telecommunication systems.
|
| 650 |
|
0 |
|a Computer networks.
|
| 945 |
|
|
|a PromptCat
|
| 946 |
|
|
|a qatar
|
| 947 |
|
|
|a Q14800170048
|
| 948 |
|
|
|a cataloged
|b h
|c 2005/5/15
|d c
|e ceaton
|f 3:58:33 pm
|
| 949 |
|
|
|a updated-AC Qatar
|b h
|c 2007/6/7
|e rrojas/agreen
|
| 994 |
|
|
|a C0
|b TXA
|
| 999 |
|
|
|a MARS
|
| 999 |
f |
f |
|s a2f8ed86-a1cd-3124-8e17-f77fb45fa5b9
|i c38cb5a7-e7bd-34f7-8615-7bb82964bf6b
|t 0
|
| 952 |
f |
f |
|p ric
|a Texas A&M University
|b Rellis Campus
|c Joint Library Facility
|d Remote Storage
|t 0
|e TK5101 .P3853 2005
|h Library of Congress classification
|i unmediated -- volume
|m A14833774481
|
| 998 |
f |
f |
|a TK5101 .P3853 2005
|t 0
|l Remote Storage
|